• 首页
  • 本馆介绍
  • 公告通知
  • 最新文献
  • 馆藏检索
  • 电子资源
  • 读者导购
  • 参考咨询
  • 我的图书馆
  • 登录
  • 详细信息显示
  • 放入我的书架
  • 预约/预借图书
  • 作者相关作品
  • 分类相关作品
  • 丛书相关作品
  • 出版社相关作品

书目信息

  • 表格格式
  • 工作单格式
  • 卡片格式
题名:
苏格拉底
    
 
作者: 费格尔 著 ;杨光 译
分册:  
出版信息: 上海   华东师范大学出版社  2016
页数: 175页
开本: 19cm
丛书名: “轻与重”文丛
单 册:
中图分类: B502.231
科图分类:
主题词:
电子资源:
ISBN: 978-7-5675-4177-1
000 01125nam0 22002771 450
001 0102164909
005 20170502164909.0
010    @a978-7-5675-4177-1@b精装@dCNY38.00
100    @a20160621d2016 em y0chiy50 ea
101 1  @achi@cger
102    @aCN@b310000
105    @ay z 000yy
106    @ar
200 1  @a苏格拉底@9su ge la di@dSokrates@f(德)君特·费格尔(Gunter Figal)著@g杨光译@zeng
210    @a上海@c华东师范大学出版社@d2016
215    @a175页@d19cm
225 2  @a“轻与重”文丛@9qing yu chong wen cong@v29@f姜丹丹,何乏笔主编
330    @a本书首先从苏格拉底的学生柏拉图为其老师的申辩入手,展示了苏格拉底作为西方第一个重要的哲学家的人格魅力。然后详细描述了苏格拉底哲学的独特性和其思想的虔诚,并讨论了苏格拉底的对话艺术、理念论以及哲学与政治的关系。
461  0 @12001 @a“轻与重”文丛
510 1  @aSokrates@zeng
600  0 @a苏格拉底@Asu ge la di@c(Socrates@f前469-前399)@x哲学思想@x研究
690    @aB502.231@v5
701  0 @c(德)@a费格尔@9fei ge er@c(Figal, Gunter@f1949~)@4著
702  0 @a杨光@9yang guang@c(哲学)@4译
801  0 @aCN@b百万庄@c20170308
905    @b1002550-5@dB502.231@e88@f6
    
    苏格拉底=Sokrates/(德)君特·费格尔(Gunter Figal)著/杨光译.-上海:华东师范大学出版社,2016
    175页;19cm.-(“轻与重”文丛;29/姜丹丹,何乏笔主编)
    
    
    ISBN 978-7-5675-4177-1(精装):CNY38.00
    本书首先从苏格拉底的学生柏拉图为其老师的申辩入手,展示了苏格拉底作为西方第一个重要的哲学家的人格魅力。然后详细描述了苏格拉底哲学的独特性和其思想的虔诚,并讨论了苏格拉底的对话艺术、理念论以及哲学与政治的关系。
●
相关链接 在E读中查询图书 在五车中查询图书 在当当中查询图书 在豆瓣中查询图书


正题名:苏格拉底     索取号:B502.231/88         预约/预借

序号 登录号 条形码 馆藏地/架位号 状态 备注
1 1002550   210025505   第一样本阅览室/ [索取号:B502.231/88] 在馆    
2 1002551   210025514   教育系资料室/ [索取号:B502.231/88] 在馆    
3 1002552   210025523   教育系资料室/ [索取号:B502.231/88] 在馆    
4 1002553   210025532   教育系资料室/ [索取号:B502.231/88] 在馆    
5 1002554   210025541   第一借阅区/ [索取号:B502.231/88] 在馆    
6 1002555   210025550   第一借阅区/ [索取号:B502.231/88] 在馆    
唐山师范学院图书馆 欢迎您!
大连网信软件有限公司© 版权所有